00501cam a22002171 4500001001300000003000400013005001700017008004100034010001700075035002000092040001800112042001200130050001900142100003400161245001200195260001100207300001900218500001600237500001300253999001700266sa 66005070 DLC20260227112247.0890724s1966 ii 000 1 beno  asa 66005070  a(OCoLC)20059774 aDLCcWaUdDLC apremarc00aPK1718.B39bB51 aBasu, Samaresˁa,d1924-1988.10aBibara. c[1966] a143 p.c22 cm. aIn Bengali. aA novel. c69794d69794